000 00326nam a2200133 a 4500
005 20140414093843.0
008 090205s19uu xx uuu eng d
050 _aCD 792.42
_bMY 1979
245 _aMy father's eyes :
_bAmy Grant.
260 _aNew York :
_bBMG Music.
650 _aSongs.
942 _cAVM
999 _c109402
_d109402